000 01166nam a22002415i 4500
001 162210
003 ES-MaACL
005 20230906212444.0
008 010914s1875 fr af |||| | spa d
080 _a913(83)(084.12)
100 1 _aPissis, A.
_9131185
245 1 0 _aAtlas de la geografía física de la República de Chile /
_cpor A. Pissis.
246 3 _aGeografía física de la República de Chile
260 _aParís :
_bInstituto Geográfico de París :
_bCh. Delagrave,
_c1875 (
_fTtyp. de Rouge, Dunon et Fresné)
300 _a[4] p., [23] h. de lám. col. y n. ;
_c30 x 41 cm.
530 _aDisponible en formato digital la obra completa: Geografía física de la República de Chile.
599 _aLám.: ¨Gravé chez I. Wuhrer¨ y ¨Eug. Ciceri lith.¨.
651 4 _aChile-
_xGeografía física.
_9173756
651 4 _aChile-
_vObras ilustradas.
_9173757
752 _aFrancia -
_dParís
852 4 _aES-MaACL
_jF-13873
_z- Enc. piel editorial
_z- Dedicatoria autógrafa de L. M. Cardazo
856 4 _uhttp://bdh-rd.bne.es/viewer.vm?id=0000049874&page=1
_zBiblioteca Digital Hispánica
_z(Geografía física de la República de Chile)
999 _c162210
_d162210